000 00824nas a2200253 4500
001 BR2013003008
003 BR-BrBNA
005 20231205122216.0
007 ta
008 230509b bl.|||p| |||| 00| 00por d
040 _aBR-BrBNA
_bpor
_cBiblioteca Nacional de Agricultura
041 _a(Pt)
072 _aM40
100 1 _aTorgan, L.C.
100 1 _aHentschke, G.S.
245 1 _aEstrutura da comunidade de Chlorococcales sensu lato (Chlorophyceae)em diferentes hábitats aquáticos e hidroperíodos
650 _aALGA VERDE
650 _aECOLOGIA AQUÁTICA
650 _aTAXONOMIA
650 _aDISTRIBUIÇÃO GEOGRÁFICA
773 0 _tActa Botânica Brasilica (Brazil)
_xISSN 0102-3306
_g(Jan-Mar 2011), v. 25(1) p. 83-94
_wBR2013003008
909 _a202311
_bLúcia
_c55
_dLúcia Elande
942 _2AGRIS
_n0
_cANA
999 _c227471
_d227471